000 00752nam a22002417a 4500
003 BCEG
005 20251217130423.0
008 251125s1989 uy |||||||||||||||| spa d
040 _aBCEG
_bspa
_cBCEG
082 0 4 _aU864.4
_bD277j
100 1 _aDíaz, José Pedro,
_d1921-2006.
245 1 0 _aJ. C. Onetti
_b: el espectáculo imaginario, II.
246 _aEl espectáculo imaginario.
260 _aMontevideo, Uruguay :
_bArca,
_c1986.
300 _a119 p.
500 _aCon dedicatoria a Ariel Muniz, 1981.
500 _aLa biblioteca solo cuenta con el v. 2.
541 _aDonación.
600 1 _aOnetti, Juan Carlos,
_d1909-1994
_vCrítica e interpretación.
650 1 4 _aEnsayos uruguayos.
650 1 4 _aLiteratura uruguaya.
942 _cBK
999 _c436884
_d436884